Aerospace defence of Russia (Запись № 11405487)

Подробности
000 -МАРКЕР
контрольное поле 01543nam0a2200373 4500
001 - ИДЕНТИФИКАТОР ЗАПИСИ
контрольное поле RU\NLR\BIBL_A\012001136
005 - ИДЕНТИФИКАТОР ВЕРСИИ
контрольное поле 20190703142052.0
010 ## - МЕЖДУНАРОДНЫЙ СТАНДАРТНЫЙ НОМЕР КНИГИ (ISBN)
Номер (ISBN) 978-5-6042278-0-0
Тираж 1000
021 ## - НОМЕР ГОСУДАРСТВЕННОЙ РЕГИСТРАЦИИ
Код страны российская федерация
Номер АЛ-П-19-0040
Номер Листа государственной регистраци АЛ-П-19-00202и
035 ## - ДРУГИЕ СИСТЕМНЫЕ НОМЕРА
Идентификатор записи (NLR Aleph) 012001136
035 ## - ДРУГИЕ СИСТЕМНЫЕ НОМЕРА
Идентификатор записи (RuMoRGB)009950037
100 ## - ДАННЫЕ ОБЩЕЙ ОБРАБОТКИ
Данные общей обработки 20190426d2018 k y0rusy50 ca
101 0# - ЯЗЫК РЕСУРСА
Язык текста, звукозаписи и т.д. английский
102 ## - СТРАНА ПУБЛИКАЦИИ ИЛИ ПРОИЗВОДСТВА
Страна публикации российская федерация
105 ## - ПОЛЕ КОДИРОВАННЫХ ДАННЫХ: ТЕКСТОВЫЕ МАТЕРИАЛЫ, МОНОГРАФИЧЕСКИЕ
Кодированные данные о монографическом текстовом документе ach z 000zy
200 1# - ЗАГЛАВИЕ И СВЕДЕНИЯ ОБ ОТВЕТСТВЕННОСТИ
Основное заглавие Aerospace defence of Russia
Сведения, относящиеся к заглавию Almaz-Antey corp.: destined to guarding blue sky
Первые сведения об ответственности [V. N. Korovin, I. Y. Korotchenko, V. V. Yarmolenko
Последующие сведения об ответственности editorial team: Y. V. Novikov et al.]
-- Almaz-Antey corp.
210 ## - ПУБЛИКАЦИЯ, РАСПРОСТРАНЕНИЕ И ДР.
Место издания, распространения и т.д. Moscow
Имя издателя, распространителя и т. д. National defense
Дата издания, распространения и т.д. cop. 2018
215 ## - ФИЗИЧЕСКАЯ ХАРАКТЕРИСТИКА
Специфическое обозначение материала и объем 281, [23] с.
Другие сведения о физической характеристике ил., цв. ил., факс., портр.
Размеры 30
300 ## - ОБЩИЕ ПРИМЕЧАНИЯ
Текст примечания Авт. указаны на обороте тит. л.
541 1# - ПЕРЕВОД ЗАГЛАВИЯ, СДЕЛАННЫЙ КАТАЛОГИЗАТОРОМ
Заглавие Аэрокосмическая оборона России
601 02 - НАИМЕНОВАНИЕ ОРГАНИЗАЦИИ КАК ПРЕДМЕТ
Начальный элемент ввода "Алмаз-Антей", концерн ПВО
Идентифицирующий признак Москва, город
Код системы nlr_sh2
Идентификатор авторитетной/нормативной записи RU\NLR\AUTH\661566464
686 1# - ИНДЕКСЫ ДРУГИХ КЛАССИФИКАЦИЙ
Индекс Ц501.1-8л9
686 1# - ИНДЕКСЫ ДРУГИХ КЛАССИФИКАЦИЙ
Индекс Ц641-8л9
701 #1 - ИМЯ ЛИЦА - АЛЬТЕРНАТИВНАЯ ОТВЕТСТВЕННОСТЬ
Начальный элемент ввода Korovin
Часть имени, кроме начального элемента ввода V. N.
Даты 1961-
Расширение инициалов личного имени Vladimir Nikolaevič
701 #1 - ИМЯ ЛИЦА - АЛЬТЕРНАТИВНАЯ ОТВЕТСТВЕННОСТЬ
Начальный элемент ввода Korotčenko
Часть имени, кроме начального элемента ввода I. J.
Расширение инициалов личного имени Igor' J.
701 #1 - ИМЯ ЛИЦА - АЛЬТЕРНАТИВНАЯ ОТВЕТСТВЕННОСТЬ
Начальный элемент ввода Jarmolenko
Часть имени, кроме начального элемента ввода V. V.
Расширение инициалов личного имени Vladislav Vladimirovič
702 #1 - ИМЯ ЛИЦА - ВТОРИЧНАЯ ОТВЕТСТВЕННОСТЬ
Начальный элемент ввода Novikov
Часть имени, кроме начального элемента ввода J.V.
Даты 1959-
Расширение инициалов личного имени Jan Valentinovič
Код отношения Редактор
711 02 - НАИМЕНОВАНИЕ ОРГАНИЗАЦИИ - АЛЬТЕРНАТИВНАЯ ОТВЕТСТВЕННОСТЬ
Начальный элемент ввода Almaz-Antey, air and spase defence corporation
Идентифицирующий признак Moscow
Идентификатор авторитетной/нормативной записи RU\NLR\AUTH\880503595
942 ## - ДОПОЛНИТЕЛЬНЫЕ ЭЛЕМЕНТЫ ЗАПИСИ (АБИС)
Тип экземпляра АБИС Книга
980 ## - КОЛЛЕКЦИЯ
Название коллекции Национальная библиография
Экземпляры
Тип экземпляра Дата поступления Источник поступления Стоимость Библиотека постоянного хранения Библиотека текущего хранения Место хранения Шифр хранения Штрих-код Статус не для выдачи
Книга 26.04.2019 Обязательный экземпляр 2930.00 РНБ (Московский) РНБ (Московский) Иностранный книжный фонд Ик 2019-8/116 1-2691559